000 00618nam a2200241Ia 4500
003 OSt
005 20220918214422.0
006 a|||||r|||| 00| 0
007 ta
008 220917b |||||||| |||| 00| 0 eng d
024 _a137,402
037 _cTextual
040 _aARTS
_cARTS
_beng
041 _2eng
_aeng
082 _aY:351.198, M3
100 _aThairani Kal
_9131257
245 0 _aTales from eastern lands
260 _aNew Delhi
_bAllied
_c1983
300 _axii, 188p.
_ccm.
650 _aSOCIOLOGY
942 _hY:351.198, M3
_cTEXL
_2CC
999 _c260483
_d260483